[Event "European Youth Chess Championship B16"]
[Site "Prague, Top Hotel Prague"]
[Date "2016.08.25"]
[Round "7.44"]
[White "Birkisson, Bjorn Holm"]
[Black "Storme, Isak"]
[Result "1/2-1/2"]
[WhiteElo "1908"]
[BlackElo "2108"]
[PlyCount "83"]
[EventDate "2016.08.18"]

1. d4 f5 2. c4 Nf6 3. g3 e6 4. Bg2 c6 5. Nh3 d6 6. O-O Be7 7. b3 O-O 8. Bb2 d5
9. Ba3 Bxa3 10. Nxa3 Qe7 11. Nc2 Nbd7 12. Ne3 b6 13. cxd5 cxd5 14. f3 Ba6 15.
Qd2 Rac8 16. Rac1 Qd6 17. Nc2 e5 18. dxe5 Qxe5 19. Nd4 Rc5 20. f4 Qe7 21. Rxc5
bxc5 22. Nxf5 Qe6 23. Bxd5 Nxd5 24. Qxd5 Qxd5 25. Ne7+ Kh8 26. Nxd5 Bxe2 27.
Re1 Bg4 28. Kg2 Nb6 29. Ne3 Bd7 30. Ng1 Bc6+ 31. Kf2 g5 32. Nh3 h6 33. f5 Nd5
34. Nxd5 Rxf5+ 35. Ndf4 gxf4 36. gxf4 Rd5 37. Re2 Rd4 38. Ke3 Re4+ 39. Kd3 Rd4+
40. Ke3 Re4+ 41. Kd3 Rd4+ 42. Ke3 1/2-1/2

[Event "European Youth Chess Championship B16"]
[Site "Prague, Top Hotel Prague"]
[Date "2016.08.25"]
[Round "7.45"]
[White "Lamblin, Jean"]
[Black "Chwistek, Karel"]
[Result "1/2-1/2"]
[WhiteElo "2090"]
[BlackElo "1961"]
[PlyCount "38"]
[EventDate "2016.08.18"]

1. d4 g6 2. c4 Bg7 3. Nf3 d6 4. Nc3 Nd7 5. g3 e5 6. Bg2 Nh6 7. O-O O-O 8. e4 c6
9. d5 c5 10. Bd2 f5 11. Qc1 Nf7 12. Ng5 Nxg5 13. Bxg5 Nf6 14. a3 b6 15. Qd2 Ba6
16. b3 Qd7 17. Bh3 Rae8 18. Rae1 Nh5 19. exf5 gxf5 1/2-1/2

[Event "European Youth Chess Championship B16"]
[Site "Prague, Top Hotel Prague"]
[Date "2016.08.25"]
[Round "7.46"]
[White "Burhanov, Vassily"]
[Black "Kistrup, Nicolai"]
[Result "0-1"]
[WhiteElo "1888"]
[BlackElo "2089"]
[PlyCount "42"]
[EventDate "2016.08.18"]

1. e4 e5 2. Bc4 Nf6 3. d4 exd4 4. Nf3 d5 5. exd5 Bb4+ 6. c3 Qe7+ 7. Be2 dxc3 8.
bxc3 Bc5 9. O-O O-O 10. c4 Ne4 11. Bb2 Re8 12. Bd3 Bg4 13. h3 Nxf2 14. Rxf2 Qe3
15. Qf1 Bxf3 16. gxf3 Qxf3 17. Nd2 Bxf2+ 18. Qxf2 Qxd3 19. Bd4 Re2 20. Qh4 Qg6+
21. Kh1 Qg2# 0-1

[Event "European Youth Chess Championship B16"]
[Site "Prague, Top Hotel Prague"]
[Date "2016.08.25"]
[Round "7.47"]
[White "Jelinek, Michal"]
[Black "Aubrecht, Petr"]
[Result "1-0"]
[WhiteElo "2080"]
[BlackElo "1959"]
[PlyCount "97"]
[EventDate "2016.08.18"]

1. d4 Nf6 2. c4 g6 3. Nc3 Bg7 4. e4 d6 5. Nf3 O-O 6. Be2 e5 7. O-O Nc6 8. d5
Ne7 9. Ne1 Nd7 10. Nd3 f5 11. Bd2 fxe4 12. Nxe4 Nf6 13. Bf3 Nf5 14. Bc3 Nh4 15.
Nxf6+ Bxf6 16. Be4 Nf5 17. b4 Nd4 18. f3 Bd7 19. a4 b6 20. Nf2 Bg7 21. a5 b5
22. c5 a6 23. c6 Bf5 24. Qd3 Qg5 25. Rae1 Bxe4 26. Nxe4 Qf5 27. f4 Qg4 28. h3
Qh4 29. fxe5 dxe5 30. Nc5 Rxf1+ 31. Rxf1 Bf8 32. Nd7 Bd6 33. Nf6+ Kg7 34. Ng4
h5 35. Be1 Qe7 36. Nf6 Bxb4 37. Bxb4 Qxb4 38. Nxh5+ gxh5 39. Qg3+ Kh8 40. Qxe5+
Kg8 41. Qg5+ Kh8 42. Qxh5+ Kg8 43. Qg5+ Kh8 44. Rf6 Qe1+ 45. Kh2 Nf3+ 46. Rxf3
Re8 47. Qh6+ Kg8 48. Rg3+ Kf7 49. Qg7# 1-0

[Event "European Youth Chess Championship B16"]
[Site "Prague, Top Hotel Prague"]
[Date "2016.08.25"]
[Round "7.48"]
[White "De Bock, Thijs"]
[Black "Todorov, Kaloyan"]
[Result "1-0"]
[WhiteElo "2058"]
[BlackElo "1918"]
[PlyCount "69"]
[EventDate "2016.08.18"]

1. e4 e5 2. Nf3 Nc6 3. Bb5 a6 4. Ba4 Nf6 5. d3 d6 6. O-O Bd7 7. c4 Be7 8. h3
O-O 9. Nc3 h6 10. Be3 Nh7 11. d4 Nxd4 12. Nxd4 exd4 13. Bxd4 Bxa4 14. Qxa4 Bf6
15. Rad1 Qe8 16. Qb3 Bxd4 17. Rxd4 Qc6 18. Nd5 Rfe8 19. Qg3 Kh8 20. Re1 Re6 21.
Rdd1 Rae8 22. f3 Nf6 23. b3 Nd7 24. Ne3 Rg6 25. Qf2 Nf6 26. Nf5 Nh7 27. Kh2 Rf6
28. h4 Nf8 29. g4 Re5 30. Qg3 Nh7 31. Rd5 Qe8 32. c5 g6 33. cxd6 gxf5 34. d7
Qd8 35. Qxe5 1-0

[Event "European Youth Chess Championship B16"]
[Site "Prague, Top Hotel Prague"]
[Date "2016.08.25"]
[Round "7.49"]
[White "Acs, Marton"]
[Black "Berntsen-Oybo, August"]
[Result "0-1"]
[WhiteElo "2030"]
[BlackElo "1899"]
[PlyCount "126"]
[EventDate "2016.08.18"]

1. d4 Nf6 2. Nf3 e6 3. g3 d5 4. Bg2 b5 5. a4 b4 6. c4 c5 7. cxd5 exd5 8. dxc5
Bxc5 9. O-O O-O 10. Bg5 Nbd7 11. Nbd2 h6 12. Bf4 Ba6 13. Nb3 Re8 14. Nfd4 Rc8
15. Bf3 Bc4 16. Nxc5 Nxc5 17. Nb5 Bxb5 18. axb5 Qb6 19. Be3 Re7 20. Qd4 Qxb5
21. Rac1 Rec7 22. Qh4 Nce4 23. Rxc7 Rxc7 24. Bxe4 dxe4 25. Bxh6 Qh5 26. Be3 Qg4
27. Qxg4 Nxg4 28. Bd4 Rd7 29. e3 Rd5 30. f4 exf3 31. Rxf3 a5 32. b3 f6 33. Rf1
Ne5 34. Kg2 Nc6 35. Rd1 Kf7 36. Kf3 Ke6 37. Ke4 g5 38. Rc1 f5+ 39. Kf3 Nxd4+
40. exd4 Rxd4 41. Ke3 Ke5 42. Rc5+ Rd5 43. Rc4 Rb5 44. h4 gxh4 45. gxh4 Rd5 46.
h5 Kf6 47. Kf4 Rd6 48. Rc5 Rd4+ 49. Ke3 Rh4 50. Rxa5 Rxh5 51. Kd4 Rh3 52. Kc4
Rh4+ 53. Kc5 Re4 54. Ra6+ Ke5 55. Ra8 f4 56. Re8+ Kf5 57. Rf8+ Kg4 58. Kd5 Kf3
59. Rh8 Ke3 60. Rh1 Rd4+ 61. Kc5 f3 62. Re1+ Kd2 63. Rf1 Rf4 0-1

[Event "European Youth Chess Championship B16"]
[Site "Prague, Top Hotel Prague"]
[Date "2016.08.25"]
[Round "7.50"]
[White "Vystrcil, Martin"]
[Black "Mandic, Stefan"]
[Result "0-1"]
[WhiteElo "2029"]
[BlackElo "1868"]
[PlyCount "52"]
[EventDate "2016.08.18"]

1. e4 e5 2. Nf3 Nc6 3. Nc3 Nf6 4. d4 exd4 5. Nxd4 Bb4 6. Nxc6 bxc6 7. Bd3 O-O
8. O-O Qe7 9. Qf3 h6 10. h3 d5 11. exd5 Bxc3 12. bxc3 cxd5 13. Bf4 Re8 14. Bb5
Rd8 15. Rfe1 Be6 16. Be5 Ne8 17. Qg3 f6 18. Bxe8 Rxe8 19. Bxc7 Rac8 20. Ba5 Qc5
21. Bb4 Qc7 22. Qxc7 Rxc7 23. Rad1 Rcc8 24. f4 Bf7 25. Kf2 Rxe1 26. Rxe1 a5 0-1

[Event "European Youth Chess Championship B16"]
[Site "Prague, Top Hotel Prague"]
[Date "2016.08.25"]
[Round "7.51"]
[White "Merkesvik, Sondre"]
[Black "Bugar, Peter"]
[Result "1-0"]
[WhiteElo "2228"]
[BlackElo "1857"]
[PlyCount "55"]
[EventDate "2016.08.18"]

1. Nf3 c5 2. g3 b6 3. Bg2 Bb7 4. O-O Nf6 5. c4 e6 6. Nc3 Be7 7. d4 cxd4 8. Qxd4
O-O 9. b3 d5 10. Ne5 Nc6 11. Nxc6 Bxc6 12. Bb2 Qd7 13. cxd5 Bc5 14. Qh4 Nxd5
15. Nxd5 Bxd5 16. Rfd1 Qb7 17. Bxd5 exd5 18. Qg5 d4 19. Bxd4 Bxd4 20. Rxd4 h6
21. Qd2 Rfe8 22. Rc1 Re7 23. h4 Rae8 24. e3 Qf3 25. Rd8 Qe4 26. Rcc8 Rxd8 27.
Qxd8+ Kh7 28. h5 1-0

[Event "European Youth Chess Championship B16"]
[Site "Prague, Top Hotel Prague"]
[Date "2016.08.25"]
[Round "7.52"]
[White "Seibt, Sascha"]
[Black "Czupor, Attila"]
[Result "1/2-1/2"]
[WhiteElo "1847"]
[BlackElo "2303"]
[PlyCount "67"]
[EventDate "2016.08.18"]

1. Nf3 d5 2. g3 Nf6 3. Bg2 Nc6 4. d4 Bf5 5. O-O e6 6. b3 Bd6 7. Bb2 O-O 8. Nbd2
Ne4 9. Nxe4 Bxe4 10. Ne5 Bxg2 11. Nxc6 bxc6 12. Kxg2 c5 13. c4 c6 14. e3 Qc7
15. Rc1 Rfd8 16. Qc2 cxd4 17. exd4 dxc4 18. Qxc4 Rac8 19. Qc3 Bb4 20. Qf3 Rd5
21. Rc4 Qb7 22. Rfc1 Bd2 23. R1c2 Bg5 24. h3 Bf6 25. Kh2 h6 26. Qe4 Qd7 27. Kg2
g6 28. Bc3 Bg7 29. Bb2 g5 30. Re2 Rd6 31. Bc3 f5 32. Qe3 Kf7 33. Ra4 c5 34.
dxc5 1/2-1/2

[Event "European Youth Chess Championship B16"]
[Site "Prague, Top Hotel Prague"]
[Date "2016.08.25"]
[Round "7.53"]
[White "Pantzar, Milton"]
[Black "Brejnik, Gustav"]
[Result "0-1"]
[WhiteElo "2135"]
[BlackElo "1868"]
[PlyCount "90"]
[EventDate "2016.08.18"]

1. d4 Nf6 2. c4 e6 3. Nc3 Bb4 4. e3 d5 5. a3 Be7 6. cxd5 exd5 7. Bd3 O-O 8.
Nge2 b6 9. b4 Bb7 10. O-O Nbd7 11. Qb3 Re8 12. Nf4 Nf8 13. a4 Ng6 14. Nxg6 hxg6
15. Ba3 Rc8 16. b5 c5 17. bxc6 Bxc6 18. Bxe7 Qxe7 19. Rfc1 Ng4 20. Nd1 Qh4 21.
h3 Nf6 22. Nc3 g5 23. Bf1 g4 24. g3 Qh6 25. h4 g5 26. hxg5 Qxg5 27. Ne2 Ne4 28.
Qd3 Kg7 29. Bg2 Rh8 30. Nf4 Qh6 31. Qd1 f5 32. Kf1 Bb7 33. Bxe4 dxe4 34. Ke2
Ba6+ 35. Kd2 Bc4 36. Rc3 Qd6 37. Qc2 Qb4 38. Rb1 Qa5 39. Qb2 Rh2 40. Ke1 Rh1+
41. Kd2 Rxb1 42. Qxb1 Qxc3+ 43. Kxc3 Bd3+ 44. Kb2 Bxb1 45. Kxb1 Rc4 0-1

[Event "European Youth Chess Championship B16"]
[Site "Prague, Top Hotel Prague"]
[Date "2016.08.25"]
[Round "7.54"]
[White "Horvath, Tomas"]
[Black "Jurasek, Vojtech"]
[Result "1-0"]
[WhiteElo "2014"]
[BlackElo "1859"]
[PlyCount "87"]
[EventDate "2016.08.18"]

1. e4 c5 2. d4 cxd4 3. c3 d3 4. Bxd3 Nc6 5. Nf3 g6 6. O-O Bg7 7. Qe2 d6 8. h3
Nf6 9. Bf4 Nd7 10. Na3 Nde5 11. Nxe5 Nxe5 12. Bc2 O-O 13. Bb3 a6 14. Rad1 Qc7
15. Nc2 Bd7 16. Nd4 Rad8 17. Rfe1 Rfe8 18. Bg3 Nc6 19. Qc4 Rf8 20. Nxc6 Bxc6
21. f3 Qb6+ 22. Bf2 Qb5 23. Qxb5 Bxb5 24. Bd4 Rc8 25. Kf2 Bc4 26. Bxc4 Rxc4 27.
Bxg7 Kxg7 28. e5 dxe5 29. Rd7 Kf6 30. Rxb7 Rd8 31. Re2 Rd6 32. Rc2 h5 33. b3
Rcc6 34. Ke3 Ke6 35. c4 f5 36. c5 Rd5 37. b4 Kf6 38. a4 e6 39. Rb6 Rxb6 40.
cxb6 Rd6 41. a5 Rd7 42. Rc5 Ke7 43. b5 Kd6 44. bxa6 1-0

[Event "European Youth Chess Championship B16"]
[Site "Prague, Top Hotel Prague"]
[Date "2016.08.25"]
[Round "7.55"]
[White "Pavelka, Hubert Jan"]
[Black "Bryker, Oleksandr"]
[Result "1-0"]
[WhiteElo "1934"]
[BlackElo "1852"]
[PlyCount "61"]
[EventDate "2016.08.18"]

1. Nf3 d5 2. c4 e6 3. g3 c5 4. cxd5 exd5 5. d4 Nf6 6. Bg2 c4 7. Nc3 Nc6 8. Bg5
Bb4 9. O-O Bxc3 10. bxc3 h6 11. Bxf6 Qxf6 12. Ne5 O-O 13. f4 Rd8 14. e4 dxe4
15. Bxe4 Nxe5 16. fxe5 Qe7 17. Qf3 Rb8 18. Rae1 Be6 19. g4 b5 20. Rf2 Qd7 21.
g5 Bd5 22. gxh6 Bxe4 23. Rxe4 gxh6 24. e6 fxe6 25. Qf6 Kh7 26. Rxe6 Qg7+ 27.
Kh1 Rb7 28. Qxd8 Qg4 29. Re7+ Rxe7 30. Qxe7+ Kg6 31. Qf7+ 1-0

[Event "European Youth Chess Championship B16"]
[Site "Prague, Top Hotel Prague"]
[Date "2016.08.25"]
[Round "7.56"]
[White "Skladtshikov, Andrei"]
[Black "Holton, Jake"]
[Result "1-0"]
[WhiteElo "1929"]
[BlackElo "1832"]
[PlyCount "57"]
[EventDate "2016.08.18"]

1. e4 e6 2. d4 d5 3. exd5 exd5 4. Bd3 Bd6 5. Ne2 Nf6 6. h3 O-O 7. O-O b6 8. Bf4
Ba6 9. Bxa6 Nxa6 10. Nbc3 Re8 11. Bxd6 Qxd6 12. Ng3 c5 13. Qd2 Rad8 14. Nf5 Qe6
15. Qg5 g6 16. g4 Nc7 17. Rae1 Qc6 18. Ne7+ Rxe7 19. Rxe7 cxd4 20. Nd1 Kg7 21.
Qe5 Nce8 22. g5 Kg8 23. gxf6 Nxf6 24. Rc7 Qe6 25. Qxe6 fxe6 26. Re1 Ne4 27. f3
Ng5 28. Kg2 Rd6 29. Nf2 1-0

[Event "European Youth Chess Championship B16"]
[Site "Prague, Top Hotel Prague"]
[Date "2016.08.25"]
[Round "7.58"]
[White "Kuchar, Matej"]
[Black "Dabos, Doukas Ioannis"]
[Result "1-0"]
[WhiteElo "1873"]
[BlackElo "1815"]
[PlyCount "75"]
[EventDate "2016.08.18"]

1. e4 c5 2. Nf3 e6 3. d4 cxd4 4. Nxd4 Nc6 5. Be3 Nf6 6. Bd3 d5 7. Nxc6 bxc6 8.
Nd2 Be7 9. O-O O-O 10. exd5 cxd5 11. Nf3 a5 12. Qe2 Nd7 13. Bd4 Nc5 14. Bxc5
Bxc5 15. Rad1 Qf6 16. c3 a4 17. Rfe1 Rb8 18. Ne5 Bd6 19. Rd2 Qf4 20. g3 Qxe5
21. Qxe5 Bxe5 22. Rxe5 f6 23. Re1 e5 24. Bc2 a3 25. b4 Be6 26. Bb3 Rfc8 27. Re3
Rb5 28. f4 Kf7 29. fxe5 fxe5 30. Rxe5 Rxc3 31. Rf2+ Ke7 32. Rfe2 Rxb3 33. Rxe6+
Kd7 34. axb3 Rxb4 35. Ra6 Rxb3 36. Ra2 Rb1+ 37. Kg2 Rb2+ 38. Rxb2 1-0

[Event "European Youth Chess Championship B16"]
[Site "Prague, Top Hotel Prague"]
[Date "2016.08.25"]
[Round "7.59"]
[White "Pobor, Danilo"]
[Black "Pasha, Tariq"]
[Result "1-0"]
[WhiteElo "1783"]
[BlackElo "1756"]
[PlyCount "181"]
[EventDate "2016.08.18"]

1. d4 d5 2. Nf3 Nf6 3. c4 c6 4. e3 e6 5. Nc3 Nbd7 6. Qc2 Bd6 7. Bd3 O-O 8. O-O
dxc4 9. Bxc4 b5 10. Bd3 Bb7 11. e4 e5 12. dxe5 Nxe5 13. Nxe5 Bxe5 14. h3 Rc8
15. Be3 a6 16. Rad1 Qa5 17. Bd2 Qb6 18. Ne2 c5 19. Be3 Bd4 20. Bxd4 cxd4 21.
Qb1 Rfe8 22. f3 Nd7 23. Kh1 Ne5 24. Bc2 Red8 25. Bd3 Nc4 26. Rc1 Nd2 27. Qa1
Nxf1 28. Rxf1 a5 29. Rd1 Bc6 30. b3 Rd6 31. Qb1 Rh6 32. Qb2 Rd8 33. Bb1 Rhd6
34. Nf4 Qb7 35. e5 Rh6 36. Rxd4 Re8 37. Rd3 Rh4 38. Ne2 Rh5 39. Re3 f6 40. e6
Qb6 41. Qd2 Rd5 42. Rd3 Re5 43. Nd4 Bd5 44. f4 Rh5 45. Qe2 g6 46. Rg3 Rh6 47.
Nf5 Rxe6 48. Nxh6+ Kg7 49. Nf5+ Kf7 50. Ne3 Qd4 51. f5 Re5 52. fxg6+ hxg6 53.
Bxg6+ Kf8 54. Qf2 Re6 55. Ng4 Qxf2 56. Nxf2 Re2 57. Ng4 Ke7 58. Re3+ Rxe3 59.
Nxe3 Be6 60. h4 b4 61. h5 Kf8 62. h6 Bd7 63. h7 Kg7 64. Nf5+ Kh8 65. Nd6 Be6
66. Nf7+ Bxf7 67. Bxf7 Kxh7 68. g4 Kh6 69. Kg2 Kg5 70. Kg3 f5 71. gxf5 Kxf5 72.
Kf3 Ke5 73. Ke3 Kd6 74. Kd4 Kc6 75. Kc4 Kb6 76. Be8 Ka6 77. Kc5 a4 78. Kxb4
axb3 79. axb3 Kb6 80. Kc4 Kb7 81. Kb5 Ka8 82. Kc6 Ka7 83. b4 Ka6 84. b5+ Ka7
85. b6+ Ka8 86. b7+ Kb8 87. Bh5 Ka7 88. Kc7 Ka6 89. b8=Q Ka5 90. Qb3 Ka6 91.
Qb6# 1-0

[Event "European Youth Chess Championship B16"]
[Site "Prague, Top Hotel Prague"]
[Date "2016.08.25"]
[Round "7.60"]
[White "Bauer, Miroslav"]
[Black "Hung, Do"]
[Result "1-0"]
[WhiteElo "1327"]
[BlackElo "1766"]
[PlyCount "39"]
[EventDate "2016.08.18"]

1. e4 e5 2. Nf3 Nc6 3. d4 exd4 4. Nxd4 Bc5 5. Nb3 Bb6 6. Nc3 Nf6 7. Bd3 d6 8.
O-O h6 9. Na4 O-O 10. Nxb6 axb6 11. f4 Re8 12. Qf3 Qe7 13. Bd2 Nxe4 14. Bxe4
Qxe4 15. Rae1 f5 16. Rxe4 fxe4 17. Qg3 Bf5 18. Bc3 Re7 19. Re1 Rd8 20. Bf6 1-0

[Event "European Youth Chess Championship B16"]
[Site "Prague, Top Hotel Prague"]
[Date "2016.08.25"]
[Round "7.63"]
[White "Rolinek, Dominik"]
[Black "Mouthuy, Jacky-Long"]
[Result "1-0"]
[WhiteElo "1753"]
[BlackElo "1564"]
[PlyCount "143"]
[EventDate "2016.08.18"]

1. d4 Nf6 2. c4 e6 3. Nf3 b6 4. Nc3 Bb7 5. e3 d5 6. Bd2 Nbd7 7. Be2 Be7 8. O-O
O-O 9. Ne5 c5 10. Rc1 cxd4 11. exd4 dxc4 12. Bxc4 Rc8 13. Qe2 Bd6 14. Nb5 Bb8
15. Bb4 Re8 16. Rfd1 a6 17. Nc3 Qc7 18. Bxa6 Bxa6 19. Qxa6 Nxe5 20. dxe5 Qxe5
21. g3 Bc7 22. Qb5 Red8 23. Rxd8+ Rxd8 24. Qxe5 Bxe5 25. b3 h6 26. Kf1 Rd2 27.
a3 Rb2 28. Na4 Rxb3 29. Nxb6 Bd4 30. Nc4 Rf3 31. Rc2 Ng4 32. Be1 e5 33. h3 Nf6
34. Ke2 e4 35. a4 Nd5 36. a5 Rf6 37. Rd2 Nc3+ 38. Kf1 Nb5 39. Ra2 Kf8 40. Na3
Nxa3 41. Rxa3 Ba7 42. Rc3 Ke8 43. Rc7 Bd4 44. Rc4 Rd6 45. Bb4 Rd8 46. Rc7 Rd7
47. Rc8+ Rd8 48. Rc4 f5 49. a6 Rd7 50. Rc8+ Kf7 51. Ba5 Ra7 52. Rc6 Ke7 53. Bb6
Bxb6 54. Rxb6 Kd7 55. Rg6 Kc8 56. Ke2 Kb8 57. Ke3 Rf7 58. Kf4 Ka7 59. Ke5 Rf8
60. h4 Rf7 61. h5 Rf8 62. Rxg7+ Kxa6 63. Rg6+ Kb5 64. Rxh6 Kc4 65. Rf6 Re8+ 66.
Kf4 Kd3 67. Kxf5 Rb8 68. h6 e3 69. fxe3 Kxe3 70. h7 Kf3 71. Kg6+ Kxg3 72. Kg7
1-0

[Event "European Youth Chess Championship B16"]
[Site "Prague, Top Hotel Prague"]
[Date "2016.08.25"]
[Round "7.64"]
[White "Stastny, Petr"]
[Black "Temmerman, Sander"]
[Result "1/2-1/2"]
[WhiteElo "1476"]
[BlackElo "1659"]
[PlyCount "30"]
[EventDate "2016.08.18"]

1. e4 e5 2. Nf3 Nc6 3. d4 exd4 4. Nxd4 Qh4 5. Nc3 Bb4 6. Qd3 Nf6 7. Nxc6 dxc6
8. Bd2 Bxc3 9. Bxc3 O-O 10. O-O-O Qxe4 11. Qg3 Qe7 12. Re1 Qd6 13. Be5 Qe7 14.
Bc3 Qd6 15. Be5 Qe7 1/2-1/2

[Event "European Youth Chess Championship B16"]
[Site "Prague, Top Hotel Prague"]
[Date "2016.08.25"]
[Round "7.65"]
[White "Fleri, Matthew"]
[Black "Havelka, Jonas"]
[Result "1/2-1/2"]
[WhiteElo "1276"]
[BlackElo "1624"]
[PlyCount "38"]
[EventDate "2016.08.18"]

1. e4 e5 2. Nf3 Nc6 3. Bc4 Nd4 4. O-O Nxf3+ 5. Qxf3 Qf6 6. Qxf6 Nxf6 7. Nc3 Bb4
8. d3 O-O 9. a3 Bxc3 10. bxc3 d6 11. h3 Be6 12. Bxe6 fxe6 13. Be3 b6 14. f4
exf4 15. Rxf4 e5 16. Rf3 Nh5 17. Rxf8+ Rxf8 18. Rf1 Nf4 19. Kh2 c5 1/2-1/2

[Event "European Youth Chess Championship B16"]
[Site "Prague, Top Hotel Prague"]
[Date "2016.08.26"]
[Round "8.1"]
[White "Petrov, Martin"]
[Black "Fakhrutdinov, Timur"]
[Result "0-1"]
[WhiteElo "2446"]
[BlackElo "2375"]
[PlyCount "54"]
[EventDate "2016.08.18"]

1. e4 c5 2. Nf3 d6 3. d4 cxd4 4. Nxd4 Nf6 5. Nc3 e6 6. Be2 Nc6 7. Be3 Be7 8.
O-O O-O 9. f4 e5 10. Nb3 exf4 11. Rxf4 Ne8 12. Qd2 Bf6 13. Rf2 Be5 14. Nd5 Bxb2
15. Raf1 Be5 16. Bg5 f6 17. Bc4 Kh8 18. c3 Bd7 19. Nf4 Nc7 20. Nd4 Qe7 21. Nb5
fxg5 22. Ng6+ hxg6 23. Rf7 Nxb5 24. Rxe7 Nxe7 25. Qxg5 Rxf1+ 26. Kxf1 Bf6 27.
Qg3 Rc8 0-1

[Event "European Youth Chess Championship B16"]
[Site "Prague, Top Hotel Prague"]
[Date "2016.08.26"]
[Round "8.2"]
[White "Nikitenko, Mihail"]
[Black "Sorokin, Aleksey"]
[Result "1-0"]
[WhiteElo "2394"]
[BlackElo "2425"]
[PlyCount "53"]
[EventDate "2016.08.18"]

1. e4 c5 2. Nf3 d6 3. d4 cxd4 4. Qxd4 Nc6 5. Bb5 Bd7 6. Bxc6 Bxc6 7. Nc3 Nf6 8.
Bg5 e6 9. O-O-O Be7 10. Rhe1 O-O 11. Qd2 Rc8 12. Nd4 Qd7 13. f3 b5 14. Kb1 b4
15. Nxc6 Qxc6 16. Ne2 a5 17. Rc1 Qb7 18. Bxf6 Bxf6 19. Qxd6 a4 20. Qd3 a3 21.
b3 Rfd8 22. Qe3 Qc7 23. c3 bxc3 24. Rc2 Qxh2 25. g4 Rd2 26. Qxd2 h5 27. Qe3 1-0

[Event "European Youth Chess Championship B16"]
[Site "Prague, Top Hotel Prague"]
[Date "2016.08.26"]
[Round "8.3"]
[White "Hakobyan, Aram"]
[Black "Drori, Saar"]
[Result "1/2-1/2"]
[WhiteElo "2404"]
[BlackElo "2290"]
[PlyCount "29"]
[EventDate "2016.08.18"]

1. d4 Nf6 2. Nf3 g6 3. g3 Bg7 4. Bg2 d5 5. c4 c6 6. O-O O-O 7. b3 dxc4 8. bxc4
c5 9. Bb2 Qb6 10. Qc1 Ne4 11. Nc3 Nxc3 12. Bxc3 cxd4 13. Rb1 dxc3 14. Rxb6 axb6
15. e4 1/2-1/2

[Event "European Youth Chess Championship B16"]
[Site "Prague, Top Hotel Prague"]
[Date "2016.08.26"]
[Round "8.4"]
[White "Janik, Igor"]
[Black "Macovei, Andrei"]
[Result "1-0"]
[WhiteElo "2303"]
[BlackElo "2382"]
[PlyCount "75"]
[EventDate "2016.08.18"]

1. e4 e5 2. Nf3 Nc6 3. Bb5 a6 4. Ba4 Nf6 5. O-O Be7 6. Re1 b5 7. Bb3 O-O 8. c3
d6 9. h3 Bb7 10. d4 Nd7 11. a4 Na5 12. Bc2 c5 13. d5 Qc7 14. b3 c4 15. b4 Nb3
16. Bxb3 cxb3 17. Qxb3 f5 18. Bg5 bxa4 19. Rxa4 fxe4 20. Bxe7 exf3 21. Bxf8
Rxf8 22. Nd2 Nb6 23. Ra5 fxg2 24. c4 Rf4 25. c5 Nxd5 26. cxd6 Qxd6 27. Ne4 Rxe4
28. Rxe4 Kh8 29. Qg3 Nf6 30. Qxe5 Qd1+ 31. Re1 Qf3 32. Qe8+ Ng8 33. Qe3 Qf7 34.
Re5 h6 35. Re8 Bc6 36. Rb8 Qc7 37. Qe5 Qa7 38. Rxg8+ 1-0

[Event "European Youth Chess Championship B16"]
[Site "Prague, Top Hotel Prague"]
[Date "2016.08.26"]
[Round "8.5"]
[White "Mesaros, Florian"]
[Black "Warmerdam, Max"]
[Result "1-0"]
[WhiteElo "2270"]
[BlackElo "2372"]
[PlyCount "63"]
[EventDate "2016.08.18"]

1. Nf3 Nf6 2. c4 g6 3. Nc3 Bg7 4. e4 d6 5. d4 O-O 6. Be2 e5 7. O-O Nc6 8. d5
Ne7 9. b4 a5 10. bxa5 c5 11. Nd2 Rxa5 12. a4 Ne8 13. Ra3 f5 14. exf5 gxf5 15.
f4 exf4 16. Rxf4 Nf6 17. Rf1 Ng4 18. Nf3 f4 19. Nb5 Ne3 20. Bxe3 fxe3 21. Rxe3
Nf5 22. Re4 Bd7 23. Bd3 Bxb5 24. cxb5 c4 25. Bc2 Ne3 26. Rxe3 Qb6 27. Rfe1 Re8
28. Kf2 Raa8 29. g4 Re7 30. Bf5 Bc3 31. R1e2 Rae8 32. Be6+ 1-0

[Event "European Youth Chess Championship B16"]
[Site "Prague, Top Hotel Prague"]
[Date "2016.08.26"]
[Round "8.6"]
[White "Bronstein, Or"]
[Black "Askerov, Marat"]
[Result "1-0"]
[WhiteElo "2284"]
[BlackElo "2302"]
[PlyCount "117"]
[EventDate "2016.08.18"]

1. d4 Nf6 2. c4 e6 3. Nf3 Bb4+ 4. Bd2 a5 5. Nc3 b6 6. g3 Bb7 7. Bg2 O-O 8. O-O
d6 9. Qc2 Bxc3 10. Bxc3 Be4 11. Qd1 Nbd7 12. b3 Qe7 13. Re1 e5 14. d5 b5 15.
Bh3 bxc4 16. bxc4 Nc5 17. Nd2 Bg6 18. Nb3 Nb7 19. f3 a4 20. Nc1 Nc5 21. e4 h5
22. Nd3 Nxd3 23. Qxd3 h4 24. Re2 hxg3 25. hxg3 Nh5 26. Rg2 Nf6 27. Re1 Nd7 28.
f4 Nc5 29. Qc2 Rab8 30. f5 Bh7 31. Bg4 g5 32. Rh2 f6 33. Kg2 Rf7 34. Reh1 Rg7
35. Bh5 Kf8 36. Bg4 Ke8 37. Rh6 Bg8 38. Rb1 Rxb1 39. Qxb1 Qd8 40. Kf3 Rh7 41.
Rxh7 Bxh7 42. Ke3 Bg8 43. Qb5+ Ke7 44. Bb4 Nd7 45. Bd1 Bf7 46. Bxa4 Be8 47. Qb7
Nc5 48. Bxc5 Bxa4 49. Bb6 Kd7 50. Qa7 Bd1 51. a4 Qc8 52. c5 dxc5 53. Bxc5 Ke8
54. Bb4 Qd8 55. a5 Ba4 56. Qc5 Kf7 57. a6 c6 58. a7 Qa8 59. Qf8+ 1-0

[Event "European Youth Chess Championship B16"]
[Site "Prague, Top Hotel Prague"]
[Date "2016.08.26"]
[Round "8.7"]
[White "Tuncer, Tuna"]
[Black "Lazov, Toni"]
[Result "1-0"]
[WhiteElo "2263"]
[BlackElo "2297"]
[PlyCount "55"]
[EventDate "2016.08.18"]

1. e4 c5 2. Nf3 d6 3. Bb5+ Nd7 4. O-O a6 5. Bd3 Ngf6 6. Re1 Ne5 7. Nxe5 dxe5 8.
a4 Bg4 9. Be2 h5 10. Na3 Nxe4 11. Bxg4 Nxf2 12. Bd7+ Qxd7 13. Kxf2 Qd4+ 14. Re3
Rh6 15. c3 Rf6+ 16. Kg1 Qh4 17. Qe2 Qxa4 18. Re4 Qb3 19. Nc4 b5 20. Nxe5 c4 21.
d4 cxd3 22. Nxd3 e6 23. Be3 Rf5 24. Bd4 Bd6 25. Be5 Be7 26. Rd4 a5 27. Bxg7 a4
28. Nc1 1-0

[Event "European Youth Chess Championship B16"]
[Site "Prague, Top Hotel Prague"]
[Date "2016.08.26"]
[Round "8.8"]
[White "Schroeder, Kevin"]
[Black "Anaskin, Arsenij"]
[Result "1/2-1/2"]
[WhiteElo "2286"]
[BlackElo "2054"]
[PlyCount "156"]
[EventDate "2016.08.18"]

1. d4 d6 2. Nf3 Nf6 3. c4 g6 4. Nc3 Bg7 5. e4 O-O 6. Bg5 h6 7. Be3 Nbd7 8. Qd2
Ng4 9. Bf4 e5 10. Bg3 f5 11. exf5 e4 12. Ng1 e3 13. fxe3 Nxe3 14. Qxe3 Re8 15.
Ne4 Nf6 16. O-O-O Rxe4 17. Qc3 Bxf5 18. Bd3 Re3 19. Bf4 Ne4 20. Qc2 Rxd3 21.
Rxd3 Nf2 22. Qxf2 Bxd3 23. Qd2 Qf6 24. Nf3 Bxc4 25. Bxh6 Bxa2 26. Bxg7 Kxg7 27.
Qa5 Qf7 28. h4 Re8 29. Nd2 b6 30. Qc3 Bd5 31. Qg3 Re2 32. h5 Rxg2 33. Qe1 Rg4
34. Rf1 Rf4 35. Rg1 Rf6 36. Qh4 Rf4 37. Qd8 Rf6 38. Re1 Re6 39. Rg1 a5 40. Qg5
Rf6 41. Re1 Bc6 42. hxg6 Rxg6 43. Qd8 Re6 44. Rf1 Qe8 45. Rg1+ Rg6 46. Qxc7+
Bd7 47. Rxg6+ Kxg6 48. Qxd6+ Qe6 49. Qg3+ Kf7 50. Qc7 Ke8 51. Qb8+ Ke7 52. Qc7
Ke8 53. Qg3 Kd8 54. b3 b5 55. Kb2 Qd5 56. Qh4+ Kc8 57. Qf2 Bf5 58. Qe3 Kb7 59.
Qc3 Kb6 60. Nf3 b4 61. Qe3 Qe4 62. Qxe4 Bxe4 63. Ne5 Kb5 64. Nd7 Bc6 65. Nc5
Ba8 66. Kc2 Kc6 67. Kd3 Kb5 68. Ke3 Bd5 69. Kd3 Bg2 70. Kc2 Kc6 71. Kd2 Kd5 72.
Ke3 Kc6 73. Kd3 Bd5 74. Kd2 Kb5 75. Ke3 Kc6 76. Kf4 Kb5 77. Ke3 Kc6 78. Kd2 Kb5
1/2-1/2